[Event "Verbandsliga Nordbaden 1920"]
[Site "Baden"]
[Date "2020.03.08"]
[Round "7.6"]
[White "Nadj, Christian"]
[Black "Riegel, Arinna"]
[Result "1-0"]
[WhiteElo "2203"]
[BlackElo "1894"]
[PlyCount "57"]
[EventDate "2019.09.29"]
[EventType "team-tourn"]
[EventRounds "9"]
[EventCountry "GER"]
[SourceTitle "EXT 2021"]
[Source "ChessBase"]
[SourceDate "2020.10.23"]
[SourceVersion "1"]
[SourceVersionDate "2020.10.23"]
[SourceQuality "1"]
[WhiteTeam "Karlsruhe"]
[BlackTeam "Bad Mergentheim II"]
[WhiteTeamCountry "GER"]
[BlackTeamCountry "GER"]

1. d4 d5 2. Nf3 Nf6 3. c4 e6 4. Nc3 Be7 5. Bg5 h6 6. Bf4 Bd6 7. Bg3 0-0 8. e3 b6 9. Bd3 Bb7 10. 0-0 Qe7 11. Rc1 Nbd7 12. Bxd6 cxd6 13. cxd5 Nxd5 14. Nxd5 Bxd5 15. e4 Bb7 16. Rc7 Bc8 17. Qa4 a6 18. Rfc1 Rd8 19. Qc6 Rb8 20. h3 Qf8 21. a3 Nf6 22. e5 Nd5 23. exd6 b5 24. Ne5 Rb6 25. Qc5 Bb7 26. Nxf7 Rb8 27. Ne5 Qxd6 28. Qxd6 Rxd6 29. Rxb7 1-0

[Event "Verbandsliga Nordbaden 1920"]
[Site "Baden"]
[Date "2020.02.02"]
[Round "5.6"]
[White "Nadj, Christian"]
[Black "Schulze, Eberhard"]
[Result "1/2-1/2"]
[WhiteElo "2203"]
[BlackElo "2198"]
[PlyCount "40"]
[EventDate "2019.09.29"]
[EventType "team-tourn"]
[EventRounds "9"]
[EventCountry "GER"]
[SourceTitle "EXT 2021"]
[Source "ChessBase"]
[SourceDate "2020.10.23"]
[SourceVersion "1"]
[SourceVersionDate "2020.10.23"]
[SourceQuality "1"]
[WhiteTeam "Karlsruhe"]
[BlackTeam "Pforzheim"]
[WhiteTeamCountry "GER"]
[BlackTeamCountry "GER"]

1. d4 Nf6 2. c4 g6 3. Nc3 d5 4. cxd5 Nxd5 5. e4 Nxc3 6. bxc3 Bg7 7. Nf3 c5 8. Be3 Qa5 9. Qd2 0-0 10. Rc1 cxd4 11. cxd4 Qxd2+ 12. Nxd2 e6 13. Bc4 Nc6 14. Nf3 Rd8 15. e5 Bd7 16. 0-0 a5 17. Bd3 Nb4 18. Be4 Rac8 19. Bg5 Rxc1 20. Rxc1 Rc8 1/2-1/2

[Event "Verbandsliga Nordbaden 1819"]
[Site "Baden"]
[Date "2019.03.31"]
[Round "8.4"]
[White "Nadj, Christian"]
[Black "Schulenburg, Bernd"]
[Result "0-1"]
[WhiteElo "2203"]
[BlackElo "2141"]
[PlyCount "82"]
[EventDate "2018.10.14"]
[EventType "team-tourn"]
[EventRounds "9"]
[EventCountry "GER"]
[SourceTitle "EXT 2020"]
[Source "ChessBase"]
[SourceDate "2019.10.17"]
[SourceVersion "1"]
[SourceVersionDate "2019.10.17"]
[SourceQuality "1"]
[WhiteTeam "Karlsruhe"]
[BlackTeam "Heidelberg"]
[WhiteTeamCountry "GER"]
[BlackTeamCountry "GER"]

1. d4 Nf6 2. Nf3 e6 3. g3 d5 4. Bg2 c5 5. 0-0 Nc6 6. e3 Rb8 7. b3 b5 8. Bb2 c4 9. Nbd2 Be7 10. Ne5 Bb7 11. Nxc6 Bxc6 12. bxc4 bxc4 13. Bc3 Qc7 14. f3 0-0 15. e4 Bb4 16. Bxb4 Rxb4 17. c3 Rb2 18. e5 Nd7 19. Rf2 Rfb8 20. f4 Nb6 21. g4 Ba4 22. Qf3 Qe7 23. f5 Nd7 24. Raf1 Rxa2 25. f6 Qf8 26. fxg7 Qxg7 27. Qe3 Rbb2 28. Rxf7 Qxf7 29. Rxf7 Kxf7 30. Qf4+ Ke8 31. Bf1 Rxd2 32. Qh6 Nf8 33. Qh5+ Ke7 34. Qg5+ Kd7 35. Qg7+ Ke8 36. Qxa7 Bd7 37. Qb8+ Kf7 38. Qd8 Rd1 39. Qg5 Raa1 40. Qh5+ Ke7 41. Qg5+ Ke8 0-1

[Event "Verbandsliga Nordbaden 1819"]
[Site "Baden"]
[Date "2019.03.10"]
[Round "7.4"]
[White "Maehrlein, Christoph"]
[Black "Nadj, Christian"]
[Result "0-1"]
[WhiteElo "2075"]
[BlackElo "2203"]
[PlyCount "82"]
[EventDate "2018.10.14"]
[EventType "team-tourn"]
[EventRounds "9"]
[EventCountry "GER"]
[SourceTitle "EXT 2020"]
[Source "ChessBase"]
[SourceDate "2019.10.17"]
[SourceVersion "1"]
[SourceVersionDate "2019.10.17"]
[SourceQuality "1"]
[WhiteTeam "Pforzheim"]
[BlackTeam "Karlsruhe"]
[WhiteTeamCountry "GER"]
[BlackTeamCountry "GER"]

1. c4 e5 2. Nc3 Bb4 3. Nd5 Be7 4. b3 Nf6 5. Bb2 c6 6. Nxe7 Qxe7 7. Nf3 d6 8. c5 e4 9. cxd6 Qxd6 10. Ne5 0-0 11. Nc4 Qe6 12. g3 Nbd7 13. Bg2 b6 14. 0-0 Ba6 15. Rc1 Rad8 16. Qc2 c5 17. d3 Bb7 18. dxe4 Bxe4 19. Bxe4 Nxe4 20. f3 Nd6 21. Nxd6 Qxd6 22. Rcd1 Qe6 23. e4 Ne5 24. f4 Nc6 25. Qe2 f6 26. f5 Qe7 27. Kg2 Rfe8 28. Kf3 Kf8 29. g4 Ne5+ 30. Bxe5 Qxe5 31. Rfe1 g5 32. fxg6 hxg6 33. Qe3 g5 34. Kg2 Rxd1 35. Rxd1 Qxe4+ 36. Qxe4 Rxe4 37. Kf3 Re7 38. Rd5 Kf7 39. h4 gxh4 40. Rh5 Kg6 41. Rxh4 Rh7 0-1

[Event "Verbandsliga Nordbaden 1819"]
[Site "Baden"]
[Date "2019.01.13"]
[Round "4.5"]
[White "Wehner, Roland"]
[Black "Nadj, Christian"]
[Result "1/2-1/2"]
[WhiteElo "2255"]
[BlackElo "2203"]
[PlyCount "65"]
[EventDate "2018.10.14"]
[EventType "team-tourn"]
[EventRounds "9"]
[EventCountry "GER"]
[SourceTitle "EXT 2020"]
[Source "ChessBase"]
[SourceDate "2019.10.17"]
[SourceVersion "1"]
[SourceVersionDate "2019.10.17"]
[SourceQuality "1"]
[WhiteTeam "Ettlingen"]
[BlackTeam "Karlsruhe"]
[WhiteTeamCountry "GER"]
[BlackTeamCountry "GER"]

1. e4 g6 2. d4 Bg7 3. Nf3 d6 4. Bc4 e6 5. 0-0 Ne7 6. Re1 0-0 7. c3 Nd7 8. Bb3 h6 9. e5 dxe5 10. Nxe5 Nxe5 11. dxe5 Qxd1 12. Rxd1 g5 13. h4 gxh4 14. f4 b6 15. Na3 a6 16. Be3 Nf5 17. Bf2 Bb7 18. Rd7 Rac8 19. Bxb6 Bxg2 20. Kxg2 cxb6 21. Kh3 Rfd8 22. Rad1 Rxd7 23. Rxd7 Bf8 24. Nc4 b5 25. Nd2 Bc5 26. Ne4 Be3 27. Kg4 h3 28. Kxh3 Bxf4 29. Bxe6 fxe6 30. Nf6+ Kf8 31. Nh7+ Kg8 32. Nf6+ Kf8 33. Nh7+ 1/2-1/2

[Event "Verbandsliga Nord Baden 1213"]
[Site "Baden"]
[Date "2013.03.24"]
[Round "8.3"]
[White "Nadj, Christian"]
[Black "Roes, Helge"]
[Result "1/2-1/2"]
[WhiteElo "2159"]
[BlackElo "2181"]
[PlyCount "92"]
[EventDate "2012.10.21"]
[EventType "team-tourn"]
[EventRounds "9"]
[EventCountry "GER"]
[SourceTitle "EXT 2014"]
[Source "ChessBase"]
[SourceDate "2013.11.20"]
[SourceVersion "1"]
[SourceVersionDate "2013.11.20"]
[SourceQuality "1"]
[WhiteTeam "Slavija KA"]
[BlackTeam "Weinheim"]
[WhiteTeamCountry "GER"]
[BlackTeamCountry "GER"]

1. d4 c6 2. Nf3 Nf6 3. c4 d5 4. Nbd2 e6 5. g3 Be7 6. Bg2 0-0 7. 0-0 Nbd7 8. Qc2 b6 9. Rd1 Bb7 10. e4 dxe4 11. Nxe4 Nxe4 12. Qxe4 Qc8 13. Bf4 Re8 14. Ng5 Nf6 15. Qf3 Rd8 16. Rac1 Rd7 17. c5 Qd8 18. Be3 h6 19. Nh3 Nd5 20. Nf4 Nxf4 21. gxf4 Bf6 22. Qe4 bxc5 23. Rxc5 Be7 24. Rc4 c5 25. Qc2 Bxg2 26. Kxg2 cxd4 27. Rcxd4 Rxd4 28. Rxd4 Qe8 29. Qc7 a5 30. Rd7 Bf6 31. b3 Rc8 32. Qd6 Rc2 33. Rb7 Rc8 34. Rd7 Bc3 35. Bc5 f6 36. Re7 Qg6+ 37. Kf1 Qb1+ 38. Kg2 Qe4+ 39. f3 Qc2+ 40. Bf2 Qg6+ 41. Kf1 Kh7 42. Qxe6 Rd8 43. Rd7 Re8 44. Re7 Rxe7 45. Qxe7 Qb1+ 46. Kg2 Qg6+ 1/2-1/2

[Event "Verbandsliga Nord Baden 1213"]
[Site "Baden"]
[Date "2013.02.17"]
[Round "6.3"]
[White "Nadj, Christian"]
[Black "Stalter, Thomas"]
[Result "1-0"]
[WhiteElo "2159"]
[BlackElo "1873"]
[PlyCount "55"]
[EventDate "2012.10.21"]
[EventType "team-tourn"]
[EventRounds "9"]
[EventCountry "GER"]
[SourceTitle "EXT 2014"]
[Source "ChessBase"]
[SourceDate "2013.11.20"]
[SourceVersion "1"]
[SourceVersionDate "2013.11.20"]
[SourceQuality "1"]
[WhiteTeam "Slavija KA"]
[BlackTeam "Mosbach"]
[WhiteTeamCountry "GER"]
[BlackTeamCountry "GER"]

1. d4 g6 2. e4 Bg7 3. c4 d6 4. Nc3 Nc6 5. Be3 e5 6. Nge2 f5 7. exf5 Bxf5 8. d5 Nce7 9. h3 Nf6 10. g4 Be4 11. Nxe4 Nxe4 12. Bg2 Nf6 13. Ng3 0-0 14. Ne4 Nxe4 15. Bxe4 Kh8 16. h4 c6 17. Qd2 c5 18. h5 Kg8 19. 0-0-0 Rf7 20. Qc2 Qa5 21. Kb1 b5 22. hxg6 Nxg6 23. Bxg6 hxg6 24. Qxg6 Rd8 25. Rh7 Qc7 26. Rdh1 Kf8 27. Rh8+ Ke7 28. Qe6# 1-0

[Event "Verbandsliga Nord Baden 1213"]
[Site "Baden"]
[Date "2013.01.27"]
[Round "5.2"]
[White "Nadj, Christian"]
[Black "Haas, Michael"]
[Result "1-0"]
[WhiteElo "2159"]
[BlackElo "2186"]
[PlyCount "71"]
[EventDate "2012.10.21"]
[EventType "team-tourn"]
[EventRounds "9"]
[EventCountry "GER"]
[SourceTitle "EXT 2014"]
[Source "ChessBase"]
[SourceDate "2013.11.20"]
[SourceVersion "1"]
[SourceVersionDate "2013.11.20"]
[SourceQuality "1"]
[WhiteTeam "Slavija KA"]
[BlackTeam "Walldorf"]
[WhiteTeamCountry "GER"]
[BlackTeamCountry "GER"]

1. d4 Nf6 2. c4 e5 3. dxe5 Ng4 4. e3 Nxe5 5. Nh3 d6 6. Nf4 Nbd7 7. Be2 Be7 8. Nc3 c6 9. 0-0 0-0 10. b3 Nf6 11. Qc2 Qc7 12. Ba3 a5 13. Rac1 b6 14. Rfd1 Bb7 15. Qd2 Rad8 16. e4 Rfe8 17. Nh5 Nxh5 18. Bxh5 Bf8 19. f4 Ng6 20. Qf2 Ne7 21. f5 g6 22. Bg4 Bc8 23. Kh1 d5 24. cxd5 c5 25. Bb2 gxf5 26. exf5 Bg7 27. Nb5 Qd7 28. Bxg7 Qxb5 29. d6 Nxf5 30. Bxf5 Bxf5 31. Qxf5 Kxg7 32. d7 Re7 33. Qg5+ Kf8 34. Qh6+ Kg8 35. Rc3 Re6 36. Qg5+ 1-0

[Event "Verbandsliga Nord Baden 1112"]
[Site "Germany"]
[Date "2012.02.12"]
[Round "6.3"]
[White "Kistner, Klaus"]
[Black "Nadj, Christian"]
[Result "1/2-1/2"]
[WhiteElo "2160"]
[BlackElo "2159"]
[PlyCount "33"]
[EventDate "2011.10.09"]
[EventType "team-tourn"]
[EventRounds "9"]
[EventCountry "GER"]
[SourceTitle "EXT 2013"]
[Source "ChessBase"]
[SourceDate "2012.11.22"]
[SourceVersion "1"]
[SourceVersionDate "2012.11.22"]
[SourceQuality "1"]
[WhiteTeam "Bad Mergentheim II"]
[BlackTeam "Slavija KA"]
[WhiteTeamCountry "GER"]
[BlackTeamCountry "GER"]

1. d4 d5 2. c4 dxc4 3. e3 Nf6 4. Bxc4 g6 5. Qb3 e6 6. Bd2 Bg7 7. Nf3 0-0 8. Nc3 Nc6 9. Be2 a6 10. Rc1 Qd6 11. 0-0 e5 12. d5 Ne7 13. e4 c5 14. dxc6 Nxc6 15. Be3 Be6 16. Rfd1 Nd4 17. Qa4 1/2-1/2

[Event "Verbandsliga Nord Baden 1112"]
[Site "Germany"]
[Date "2011.11.27"]
[Round "3.3"]
[White "Hilzinger, Markus"]
[Black "Nadj, Christian"]
[Result "0-1"]
[WhiteElo "2087"]
[BlackElo "2159"]
[PlyCount "54"]
[EventDate "2011.10.09"]
[EventType "team-tourn"]
[EventRounds "9"]
[EventCountry "GER"]
[SourceTitle "EXT 2013"]
[Source "ChessBase"]
[SourceDate "2012.11.22"]
[SourceVersion "1"]
[SourceVersionDate "2012.11.22"]
[SourceQuality "1"]
[WhiteTeam "Pforzheim"]
[BlackTeam "Slavija KA"]
[WhiteTeamCountry "GER"]
[BlackTeamCountry "GER"]

1. d4 Nf6 2. Nf3 e6 3. g3 Be7 4. Bg2 0-0 5. c4 d5 6. 0-0 b6 7. cxd5 exd5 8. Nc3 Bb7 9. Ne5 c6 10. Bf4 Nbd7 11. Rc1 Nxe5 12. Bxe5 Nd7 13. Bf4 g5 14. Bd2 f5 15. e3 Qe8 16. Qb3 Kh8 17. a4 a5 18. f3 Bf6 19. Nd1 Qe6 20. Bc3 Qd6 21. Nf2 Ba6 22. Rfe1 f4 23. gxf4 gxf4 24. e4 Bh4 25. exd5 cxd5 26. Re5 Nxe5 27. dxe5 Bxf2+ 0-1

[Event "Verbandsliga Nord Baden 0910"]
[Site "Baden"]
[Date "2011.04.17"]
[Round "9.1"]
[White "Nadj, Christian"]
[Black "Klee, Helmut"]
[Result "1-0"]
[WhiteElo "2159"]
[BlackElo "2127"]
[PlyCount "87"]
[EventDate "2010.10.17"]
[EventType "team-tourn"]
[EventRounds "9"]
[EventCountry "GER"]
[SourceTitle "EXT 2012"]
[Source "ChessBase"]
[SourceDate "2011.11.24"]
[SourceVersion "1"]
[SourceVersionDate "2011.11.24"]
[SourceQuality "1"]
[WhiteTeam "Slavija KA"]
[BlackTeam "Viernheim II"]
[WhiteTeamCountry "GER"]
[BlackTeamCountry "GER"]

1. d4 Nf6 2. Nf3 g6 3. c4 Bg7 4. Nc3 0-0 5. e4 d6 6. h3 Na6 7. Be3 Qe8 8. Be2 e5 9. dxe5 dxe5 10. 0-0 Qe7 11. a3 Nc5 12. Qc2 c6 13. b4 Ncd7 14. Nd2 Ne8 15. c5 Nc7 16. Nc4 Ne6 17. Bd3 Rd8 18. Ne2 Ndf8 19. Rad1 Nd7 20. Nd6 Nf6 21. f4 exf4 22. Nxf4 Nxf4 23. Bxf4 Be6 24. Bc4 Bxc4 25. Qxc4 Rd7 26. Bh2 Rf8 27. a4 Qe6 28. Qxe6 fxe6 29. b5 Bh6 30. Rfe1 Nh5 31. Nc4 Rfd8 32. Bd6 Rc8 33. bxc6 bxc6 34. Rb1 Bg7 35. g4 Nf6 36. Ne5 Rdd8 37. Rb7 Ne8 38. Nc4 Nxd6 39. cxd6 Bd4+ 40. Kg2 e5 41. Rf1 Rf8 42. Rxf8+ Rxf8 43. Rc7 h5 44. d7 1-0

[Event "Oberliga Baden 0910"]
[Site "Germany"]
[Date "2010.01.24"]
[Round "5.3"]
[White "Nadj, Christian"]
[Black "Duessel, Udo"]
[Result "1/2-1/2"]
[WhiteElo "2171"]
[BlackElo "2288"]
[PlyCount "105"]
[EventDate "2009.10.18"]
[EventType "team-tourn"]
[EventRounds "9"]
[EventCountry "GER"]
[SourceTitle "EXT 2011"]
[Source "ChessBase"]
[SourceDate "2010.11.26"]
[SourceVersion "1"]
[SourceVersionDate "2010.11.26"]
[SourceQuality "1"]
[WhiteTeam "Slavija KA"]
[BlackTeam "Waldshut"]
[WhiteTeamCountry "GER"]
[BlackTeamCountry "GER"]

1. d4 d5 2. Nf3 Nf6 3. c4 e6 4. e3 Be7 5. Bd3 0-0 6. Nbd2 Nbd7 7. 0-0 b6 8. b3 Bb7 9. Qc2 h6 10. Bb2 c5 11. Rad1 Rc8 12. Rfe1 dxc4 13. bxc4 Qc7 14. Qb3 Bd6 15. h3 Rfe8 16. Bb1 cxd4 17. exd4 Bf4 18. Bd3 e5 19. Nxe5 Nxe5 20. dxe5 Bxe5 21. Bxe5 Rxe5 22. Rxe5 Qxe5 23. Nf1 Nh5 24. Ne3 Nf4 25. Bf1 Qg5 26. Kh2 Rd8 27. Rxd8+ Qxd8 28. c5 Qc7 29. cxb6 axb6 30. Qc4 Qe5 31. Kg1 h5 32. Qb5 Qe4 33. Kh2 Qc6 34. Qe5 Nd5 35. Nf5 f6 36. Qb8+ Qc8 37. Qxc8+ Bxc8 38. Nd6 Be6 39. Bc4 Kf8 40. Kg3 g5 41. h4 Kg7 42. a4 Kg6 43. hxg5 fxg5 44. Bxd5 h4+ 45. Kh2 Bxd5 46. Nc8 Kf6 47. Nxb6 Bb7 48. f3 Ke5 49. a5 Kd6 50. Kh3 Kc5 51. Kg4 Kb5 52. Kxg5 Bxf3 53. Kxh4 1/2-1/2

[Event "Oberliga Baden 0910"]
[Site "Germany"]
[Date "2009.12.13"]
[Round "4.3"]
[White "Miltner, Arndt"]
[Black "Nadj, Christian"]
[Result "1-0"]
[WhiteElo "2367"]
[BlackElo "2171"]
[PlyCount "61"]
[EventDate "2009.10.18"]
[EventType "team-tourn"]
[EventRounds "9"]
[EventCountry "GER"]
[SourceTitle "EXT 2011"]
[Source "ChessBase"]
[SourceDate "2010.11.26"]
[SourceVersion "1"]
[SourceVersionDate "2010.11.26"]
[SourceQuality "1"]
[WhiteTeam "Buchen"]
[BlackTeam "Slavija KA"]
[WhiteTeamCountry "GER"]
[BlackTeamCountry "GER"]

1. Nf3 d5 2. e3 Nf6 3. c4 e6 4. b3 Be7 5. Bb2 Nbd7 6. Be2 0-0 7. 0-0 b6 8. d4 Bb7 9. Nbd2 Rc8 10. Rc1 c5 11. Bd3 a6 12. Qe2 dxc4 13. Nxc4 b5 14. Nce5 Bd6 15. a4 cxd4 16. Nxd7 Qxd7 17. axb5 Bxf3 18. Qxf3 axb5 19. Bxd4 Nd5 20. Rfd1 Rxc1 21. Rxc1 b4 22. g3 Rc8 23. Rd1 Qc7 24. Ra1 Rf8 25. Kg2 Ne7 26. Ra7 Qd8 27. Qe4 Ng6 28. h4 e5 29. Bb2 Bc5 30. Rb7 h5 31. Qc4 1-0

[Event "Verbandsliga Nord Baden 0809"]
[Site "Germany"]
[Date "2009.04.05"]
[Round "9.4"]
[White "Nadj, Christian"]
[Black "Haas, Stefan"]
[Result "1/2-1/2"]
[WhiteElo "2171"]
[BlackElo "2226"]
[PlyCount "50"]
[EventDate "2008.09.28"]
[EventType "team-tourn"]
[EventRounds "9"]
[EventCountry "GER"]
[SourceTitle "EXT 2010"]
[Source "ChessBase"]
[SourceDate "2010.11.25"]
[SourceVersion "1"]
[SourceVersionDate "2010.11.25"]
[SourceQuality "1"]
[WhiteTeam "Slavija KA"]
[BlackTeam "Karlsruhe II"]
[WhiteTeamCountry "GER"]
[BlackTeamCountry "GER"]

1. d4 f5 2. c4 Nf6 3. Nc3 d6 4. g3 g6 5. Bg2 Bg7 6. Nh3 0-0 7. 0-0 e5 8. e3 Nc6 9. d5 Ne7 10. f3 h6 11. Bd2 c5 12. Nf2 Bd7 13. e4 Rb8 14. f4 exf4 15. Bxf4 Ne8 16. h4 b5 17. Qd2 Kh7 18. cxb5 Bxb5 19. Rfe1 fxe4 20. Nxb5 Rxb5 21. Rab1 Nf6 22. Nxe4 Rb4 23. Nxf6+ Rxf6 24. Re4 Rb7 25. Rbe1 Nf5 1/2-1/2

[Event "Verbandsliga Nord Baden 0809"]
[Site "Germany"]
[Date "2008.10.12"]
[Round "2.4"]
[White "Gebhardt, Ulrich"]
[Black "Nadj, Christian"]
[Result "0-1"]
[WhiteElo "2193"]
[BlackElo "2171"]
[PlyCount "64"]
[EventDate "2008.09.28"]
[EventType "team-tourn"]
[EventRounds "9"]
[EventCountry "GER"]
[SourceTitle "EXT 2010"]
[Source "ChessBase"]
[SourceDate "2010.11.25"]
[SourceVersion "1"]
[SourceVersionDate "2010.11.25"]
[SourceQuality "1"]
[WhiteTeam "Ettlingen"]
[BlackTeam "Slavija KA"]
[WhiteTeamCountry "GER"]
[BlackTeamCountry "GER"]

1. d4 Nf6 2. c4 e6 3. Nc3 Bb4 4. e3 0-0 5. Nge2 d5 6. a3 Bd6 7. c5 Be7 8. b4 Nbd7 9. Nf4 c6 10. Nd3 Qc7 11. f4 a5 12. Bb2 axb4 13. axb4 Rxa1 14. Bxa1 b6 15. Ne5 Nxe5 16. fxe5 Ne8 17. Bd3 f6 18. Na4 bxc5 19. Nxc5 fxe5 20. dxe5 Bxc5 21. bxc5 Qa5+ 22. Ke2 Ba6 23. Bb2 Bxd3+ 24. Qxd3 Qa2 25. Rb1 Nc7 26. Ke1 Na6 27. Ra1 Qxb2 28. Rxa6 Qc1+ 29. Ke2 Qf1+ 30. Kd2 Rf2+ 31. Kc3 Qc1+ 32. Kd4 Rd2 0-1

[Event "Verbandsliga Nord Baden 0506"]
[Site "Germany"]
[Date "2006.03.19"]
[Round "7.3"]
[White "Zimmer, Frank"]
[Black "Nadj, Christian"]
[Result "1-0"]
[WhiteElo "2084"]
[BlackElo "2171"]
[PlyCount "113"]
[EventDate "2005.10.16"]
[EventType "team-tourn"]
[EventRounds "9"]
[EventCountry "GER"]
[SourceTitle "EXT 2007"]
[Source "ChessBase"]
[SourceDate "2006.11.23"]
[SourceVersion "1"]
[SourceVersionDate "2006.11.23"]
[SourceQuality "1"]
[WhiteTeam "Mosbach"]
[BlackTeam "Karlsruhe Slavija"]
[WhiteTeamCountry "GER"]
[BlackTeamCountry "GER"]

1. e4 c5 2. Nf3 Nc6 3. Bb5 g6 4. 0-0 Bg7 5. Re1 Nf6 6. c3 a6 7. Bf1 0-0 8. d4 cxd4 9. cxd4 d6 10. h3 b5 11. Bg5 Bb7 12. Nc3 b4 13. Nd5 e6 14. Nxf6+ Bxf6 15. Bxf6 Qxf6 16. Qd2 a5 17. Qe3 Ne7 18. Rac1 Rac8 19. Bd3 Rxc1 20. Rxc1 Rc8 21. Rxc8+ Nxc8 22. Qc1 Qd8 23. Qh6 Qe7 24. h4 f5 25. Ng5 Bxe4 26. Bxe4 fxe4 27. Nxe4 d5 28. Ng5 Nd6 29. Nf3 Qf6 30. Qc1 Nf5 31. Qc8+ Kg7 32. Ng5 Nxh4 33. Qd7+ Kh6 34. Nxe6 g5 35. Qxd5 Nf5 36. Qe4 Nd6 37. Qg4 Kg6 38. b3 h5 39. Qe2 Nf5 40. Qe4 h4 41. Kh1 Kh6 42. Kg1 g4 43. Qf4+ Kg6 44. Qxg4+ Kf7 45. Ng5+ Ke7 46. Qe4+ Kd7 47. Qb7+ Ke8 48. Qc8+ Ke7 49. Nf3 Kf7 50. Qc7+ Kg6 51. Ne5+ Kg5 52. Qxa5 Nxd4 53. Nf3+ Kg6 54. Ne5+ Kg5 55. Nd3+ Kh6 56. Qxb4 Ne2+ 57. Kh2 1-0

[Event "Oberliga Baden 0405"]
[Site "Germany"]
[Date "2005.01.30"]
[Round "6.3"]
[White "Nadj, Christian"]
[Black "Schneider, Bernd2"]
[Result "1/2-1/2"]
[WhiteElo "2140"]
[BlackElo "2269"]
[PlyCount "47"]
[EventDate "2004.10.24"]
[EventType "team-tourn"]
[EventRounds "9"]
[EventCountry "GER"]
[SourceTitle "EXT 2007"]
[Source "ChessBase"]
[SourceDate "2006.11.23"]
[SourceVersion "1"]
[SourceVersionDate "2006.11.23"]
[SourceQuality "1"]
[WhiteTeam "Slavija KA"]
[BlackTeam "Eppingen II"]
[WhiteTeamCountry "GER"]
[BlackTeamCountry "GER"]

1. d4 d5 2. Nf3 Nf6 3. c4 dxc4 4. e3 e6 5. Bxc4 a6 6. 0-0 c5 7. a4 Nc6 8. Qe2 cxd4 9. Rd1 Bd6 10. exd4 0-0 11. Bg5 Nb4 12. Nc3 Re8 13. Ne5 Be7 14. Rac1 Nfd5 15. Bxe7 Rxe7 16. Qf3 Qa5 17. Nxd5 exd5 18. Bb3 Be6 19. Rc5 Qd8 20. a5 b6 21. axb6 Qxb6 22. Rdc1 a5 23. Ba4 h6 24. h3 1/2-1/2

[Event "Oberliga Baden 0405"]
[Site "Germany"]
[Date "2004.12.12"]
[Round "4.3"]
[White "Nadj, Christian"]
[Black "Milosevic, Goran"]
[Result "0-1"]
[WhiteElo "2140"]
[BlackElo "2389"]
[PlyCount "114"]
[EventDate "2004.10.24"]
[EventType "team-tourn"]
[EventRounds "9"]
[EventCountry "GER"]
[SourceTitle "EXT 2007"]
[Source "ChessBase"]
[SourceDate "2006.11.23"]
[SourceVersion "1"]
[SourceVersionDate "2006.11.23"]
[SourceQuality "1"]
[WhiteTeam "Slavija KA"]
[BlackTeam "Konstanz"]
[WhiteTeamCountry "GER"]
[BlackTeamCountry "GER"]

1. d4 Nf6 2. Nf3 e6 3. c4 Bb4+ 4. Nbd2 0-0 5. e3 d5 6. Bd3 b6 7. 0-0 Bb7 8. a3 Bd6 9. b4 c5 10. bxc5 bxc5 11. Rb1 Bc6 12. cxd5 Nxd5 13. Qc2 cxd4 14. Nxd4 Bd7 15. Bxh7+ Kh8 16. Bd3 Qe7 17. Nc4 Bc7 18. Bb2 Qh4 19. g3 Qh6 20. Ba1 Rc8 21. Qe2 Nc6 22. Nb5 Kg8 23. Nxc7 Rxc7 24. e4 Nf6 25. Ne5 Rac8 26. Ba6 Rd8 27. Rfd1 Re8 28. Nxd7 Nxd7 29. Rb7 Rxb7 30. Bxb7 Ndb8 31. e5 Qg6 32. Qc4 Qh5 33. Re1 Qf3 34. Qb5 Rd8 35. Qb2 Rd3 36. Qc2 Rxa3 37. Rc1 Rd3 38. Bb2 a5 39. h4 Qd5 40. Bxc6 Nxc6 41. Qa4 Rd2 42. Bc3 Ra2 43. Qf4 Re2 44. Qg4 Re4 45. Qh5 a4 46. Rd1 g6 47. Rxd5 gxh5 48. Rc5 Ne7 49. f3 Re2 50. Bb4 Rb2 51. Rc4 Nd5 52. Bd6 Rg2+ 53. Kh1 Rxg3 54. Rxa4 Rxf3 55. Kg2 Rf4 56. Ra8+ Kg7 57. Kh3 Rg4 0-1

[Event "Oberliga Baden 0405"]
[Site "Germany"]
[Date "2004.11.14"]
[Round "2.3"]
[White "Nadj, Christian"]
[Black "Kachiani Gersinska, Ketino"]
[Result "0-1"]
[WhiteElo "2140"]
[BlackElo "2441"]
[PlyCount "84"]
[EventDate "2004.10.24"]
[EventType "team-tourn"]
[EventRounds "9"]
[EventCountry "GER"]
[SourceTitle "EXT 2007"]
[Source "ChessBase"]
[SourceDate "2006.11.23"]
[SourceVersion "1"]
[SourceVersionDate "2006.11.23"]
[SourceQuality "1"]
[WhiteTeam "Slavija KA"]
[BlackTeam "Baden Oos II"]
[WhiteTeamCountry "GER"]
[BlackTeamCountry "GER"]

1. d4 d5 2. Nf3 c6 3. e3 Nf6 4. c4 a6 5. Bd3 Bg4 6. Nbd2 e6 7. 0-0 Nbd7 8. Qc2 Bd6 9. b3 Qb8 10. h3 Bh5 11. Bb2 0-0 12. Ng5 Bg6 13. Bxg6 hxg6 14. c5 Bh2+ 15. Kh1 Bc7 16. f4 b6 17. b4 Nh5 18. Kg1 a5 19. b5 cxb5 20. c6 Ndf6 21. g4 Ng3 22. Rf3 Ne2+ 23. Kg2 Nxf4+ 24. exf4 Bxf4 25. c7 Qxc7 26. Qxc7 Bxc7 27. Rc1 Bd6 28. Rc6 Bb4 29. Bc3 Be7 30. Rc7 Bd8 31. Rc6 b4 32. Bb2 Be7 33. Nxe6 fxe6 34. Rxe6 Bd8 35. Nf1 a4 36. Bc1 Rc8 37. Bd2 Rc2 38. Kg1 Rb2 39. Be1 Ne4 40. Rxf8+ Kxf8 41. Re5 Rb1 42. Rxd5 Be7 0-1

[Event "Oberliga Baden 0304 "]
[Site "Germany"]
[Date "2004.02.15"]
[Round "6.4"]
[White "Metz, Hartmut"]
[Black "Nadj, Christian"]
[Result "1-0"]
[WhiteElo "2325"]
[BlackElo "2130"]
[PlyCount "55"]
[EventDate "2003.10.12"]
[EventType "team-tourn"]
[EventRounds "9"]
[EventCountry "GER"]
[SourceTitle "EXT 2006"]
[Source "ChessBase"]
[SourceDate "2005.11.24"]
[SourceVersion "1"]
[SourceVersionDate "2005.11.24"]
[SourceQuality "1"]
[WhiteTeam "Kuppenheim"]
[BlackTeam "Karlsruhe Slavija"]
[WhiteTeamCountry "GER"]
[BlackTeamCountry "GER"]

1. e4 d6 2. d4 Nf6 3. Nc3 c6 4. f4 Qa5 5. Bd3 e5 6. Nf3 Bg4 7. Be3 exf4 8. Bd2 Qb6 9. Na4 Qc7 10. 0-0 Be7 11. c4 g5 12. Qc2 h6 13. e5 dxe5 14. Nxe5 Bh5 15. Rae1 0-0 16. Bf5 Bd6 17. Qb3 Na6 18. c5 Bxe5 19. dxe5 Bg4 20. Bxg4 Nxg4 21. Qh3 Qd7 22. Bc3 Qe6 23. Qh5 Rad8 24. h3 Ne3 25. Rxe3 fxe3 26. Rf6 Qc4 27. e6 Rd4 28. Rxh6 1-0